000 00468nam a22001457a 4500
999 _c24725
_d24725
003 NUST
008 141030b xxu||||| |||| 00| 0 eng d
038 _aNusrat Nadeem
082 _a004.12 SAM
100 _aSamar Hayat Khan Tareen
_922854
245 _aMS/Thesis: Formal Analysis of the Impact of Feeding on Phagocyte Circadian Oscillators
_cSamar Hayat Khan Treen
260 _aIslamabad
_bRCMS NUST
_c2014
700 _4Dr.Jamil Ahmad (Supervisor)
942 _2ddc
_cTHE